| 000 | 00480nam a2200181 4500 | ||
|---|---|---|---|
| 001 | 44947 | ||
| 090 | _a44947 | ||
| 100 | _a20251015 pory50 | ||
| 101 |
_apor _aing |
||
| 102 | _aPT | ||
| 200 |
_aSteve Jobs _frealiz. Danny Boyle _gact.s: Michael Fassbender , Kate Winslet , Seth Rogen , Jeff Daniels |
||
| 210 |
_a[S.l.] _cUniversal Pictures _d2016 |
||
| 215 | _a1 DVD | ||
| 300 | _a117 m M/12 | ||
| 600 |
_aJobs, _bSteve |
||
| 675 | _a929 | ||
| 801 |
_aPT _gRPC |
||
| 990 | _cFILMES DVD | ||